[Event "Canadian op 48th U2000"]
[Site "Toronto"]
[Date "2011.07.11"]
[Round "3"]
[White "Morgan, Bryan"]
[Black "Verde, Pino"]
[Result "0-1"]
[WhiteElo "1562"]
[BlackElo "1660"]
[PlyCount "62"]
[EventDate "2011.07.09"]
[EventType "swiss"]
[EventRounds "9"]
[EventCountry "CAN"]
[SourceTitle "EXT 2022"]
[Source "ChessBase"]
[SourceDate "2021.10.06"]
[SourceVersion "1"]
[SourceVersionDate "2021.10.06"]
[SourceQuality "1"]

1. e4 d6 2. d4 Nf6 3. Nc3 Nbd7 4. Nf3 e5 5. dxe5 dxe5 6. Bb5 c6 7. Bc4 Be7 8. 0-0 0-0 9. Be3 Ng4 10. Bd2 b5 11. Bb3 Nc5 12. h3 Nxf2 13. Bxf7+ Rxf7 14. Rxf2 b4 15. Ne2 Nxe4 16. Rf1 Bc5+ 17. Kh2 Rd7 18. c3 Nxd2 19. Nxd2 Rxd2 20. Qb3+ Qd5 21. c4 Qd6 22. Ng3 e4 23. Kh1 Rd3 24. Nxe4 Rxb3 25. Nxd6 Rxb2 26. Rae1 Bd7 27. Nb7 Bf8 28. Rf3 c5 29. Na5 Rxa2 30. Nb3 Bc6 31. Rg3 a5 0-1